| 000 | 00625nam a2200205Ia 4500 | ||
|---|---|---|---|
| 003 | IN-BaIIA | ||
| 008 | 211028s9999 xx 000 0 eng d | ||
| 020 | _a0-486-61272-4 | ||
| 040 | _cIIA Library | ||
| 080 |
_a035:51 _bABR |
||
| 100 |
_aAbramowitz, M _911822 |
||
| 245 | 0 |
_aHandbook of mathematical functions _cM. Abramowitz and I. A. Stegun |
|
| 260 |
_aNew York _bDover Publications _c1972 |
||
| 300 | _axiv, 1046p. | ||
| 650 |
_aHandbooks _95453 |
||
| 650 |
_aMathematical Handbook _911823 |
||
| 650 | _aNASA Thesaurus | ||
| 700 |
_aStegun, I. A. _911824 |
||
| 942 | _cBK | ||
| 999 |
_c6896 _d6896 |
||